01263nam a22002057a 4500003000400000082001400004100002300018245006600041250000800107260002700115300000800142650001800150942001200168952017200180952017200352952017200524952017200696952017200868999001701040SGT a611bW25S aSONATAKKE, YOGHESH aWORKBOOK OF HUMANANATOMY LOWER LIMB ABDOMEN AND PELVIS VOI-2 a1ST aINDIA bCBS PUB c2025 a102 aHUMAN ANATOMY 2ddccBK 00102ddc40718MEDICALaFMbFMcTXTd2025-10-06eBRIJWASI BOOK DISTRIBUTORS DELHIhVOLUME-IIiSGTUo611 W25SpFM15576r2025-11-07 00:00:00w2025-10-06yBKkBW/000271 00102ddc40708MEDICALaFMbFMcTXTd2025-10-06eBRIJWASI BOOK DISTRIBUTORS DELHIhVOLUME-IIiSGTUo611 W25SpFM15577r2025-11-07 00:00:00w2025-10-06yBKkBW/000271 00102ddc40708MEDICALaFMbFMcTXTd2025-10-06eBRIJWASI BOOK DISTRIBUTORS DELHIhVOLUME-IIiSGTUo611 W25SpFM15578r2025-11-07 00:00:00w2025-10-06yBKkBW/000271 00102ddc40708MEDICALaFMbFMcTXTd2025-10-06eBRIJWASI BOOK DISTRIBUTORS DELHIhVOLUME-IIiSGTUo611 W25SpFM15579r2025-11-07 00:00:00w2025-10-06yBKkBW/000271 00102ddc40708MEDICALaFMbFMcTXTd2025-10-06eBRIJWASI BOOK DISTRIBUTORS DELHIhVOLUME-IIiSGTUo611 W25SpFM15580r2025-11-07 00:00:00w2025-10-06yBKkBW/000271 c33156d33156